[Event "Chess24 Banter QualD 2020"]
[Site "chess24.com INT"]
[Date "2020.09.08"]
[Round "1.1"]
[Board "1"]
[White "Cheparinov, Ivan"]
[Black "Larino Nieto, David"]
[Result "1-0"]
[WhiteTitle "GM"]
[BlackTitle "GM"]
[WhiteElo "2686"]
[BlackElo "2477"]
[WhiteFideId "2905540"]
[BlackFideId "2256444"]
[EventDate "2020.09.08"]

1. d4 e6 2. c4 b6 3. Nf3 Bb7 4. g3 Bxf3 5. exf3 Bb4+ 6. Nc3 c6 7. d5 Nf6 8. dxe6
dxe6 9. Qxd8+ Kxd8 10. Bd2 Nbd7 11. a3 Bc5 12. f4 Kc7 13. Bg2 Rad8 14. b4 Bd4
15. Ke2 Ng4 16. h3 Nxf2 17. Rhf1 Nf6 18. Ra2 Bxc3 19. Bxc3 N2e4 20. Be5+ Kb7 21.
Rf3 Nh5 22. g4 Nhg3+ 23. Ke1 f6 24. Ba1 Rd7 25. Re3 f5 26. b5 Rdd8 27. bxc6+ Kc8
28. Bxg7 Rhg8 29. Be5 h6 30. a4 h5 31. g5 h4 32. a5 bxa5 33. Rxa5 Nf2 34. Kxf2
Rd2+ 35. Kg1 Rgd8 36. Rxa7 Rd1+ 37. Kh2 Rh1+ 38. Bxh1 Rd2+ 39. Bg2 Nf1+ 40. Kg1
Rxg2+ 41. Kxf1 1-0

[Event "Chess24 Banter QualD 2020"]
[Site "chess24.com INT"]
[Date "2020.09.08"]
[Round "1.2"]
[Board "1"]
[White "Larino Nieto, David"]
[Black "Cheparinov, Ivan"]
[Result "0-1"]
[WhiteTitle "GM"]
[BlackTitle "GM"]
[WhiteElo "2477"]
[BlackElo "2686"]
[WhiteFideId "2256444"]
[BlackFideId "2905540"]
[EventDate "2020.09.08"]

1. Nf3 c5 2. b3 d6 3. Bb2 e5 4. d3 Nc6 5. g3 g6 6. Bg2 Bg7 7. c4 Nge7 8. h4 h6
9. Nc3 Be6 10. e3 d5 11. cxd5 Nxd5 12. Nxd5 Bxd5 13. O-O O-O 14. e4 Be6 15. Rc1
b6 16. a3 a5 17. h5 g5 18. Qc2 Qd7 19. Nd2 Rab8 20. Nc4 Rfc8 21. Qd1 Nd4 22.
Bxd4 cxd4 23. a4 b5 24. axb5 Rxb5 25. Ra1 Qd8 26. f4 exf4 27. gxf4 gxf4 28. Rxf4
Rg5 29. Qf3 Rcc5 30. Rf1 Qc7 31. Rf2 Rb5 32. e5 Rxb3 33. Qa8+ Rb8 34. Qxa5 Qxa5
35. Nxa5 Bxe5 36. Nc6 Bxf4 37. Rxf4 Rb2 38. Ne7+ Kg7 0-1

[Event "Chess24 Banter QualD 2020"]
[Site "chess24.com INT"]
[Date "2020.09.08"]
[Round "1.3"]
[Board "1"]
[White "Cheparinov, Ivan"]
[Black "Larino Nieto, David"]
[Result "1-0"]
[WhiteTitle "GM"]
[BlackTitle "GM"]
[WhiteElo "2686"]
[BlackElo "2477"]
[WhiteFideId "2905540"]
[BlackFideId "2256444"]
[EventDate "2020.09.08"]

1. d4 e6 2. Nf3 b6 3. g3 Bb7 4. Bg2 d6 5. O-O Nd7 6. c4 h6 7. Nc3 Ne7 8. e4 g5
9. h4 g4 10. Nh2 h5 11. f3 Bg7 12. fxg4 hxg4 13. Nxg4 c5 14. Nb5 Nc8 15. d5 a6
16. dxe6 axb5 17. Bg5 Qc7 18. Rxf7 Bd4+ 19. Kh2 Bc6 20. Qf3 bxc4 21. Rxd7 1-0

[Event "Chess24 Banter QualD 2020"]
[Site "chess24.com INT"]
[Date "2020.09.08"]
[Round "1.4"]
[Board "1"]
[White "Larino Nieto, David"]
[Black "Cheparinov, Ivan"]
[Result "0-1"]
[WhiteTitle "GM"]
[BlackTitle "GM"]
[WhiteElo "2477"]
[BlackElo "2686"]
[WhiteFideId "2256444"]
[BlackFideId "2905540"]
[EventDate "2020.09.08"]

1. g3 c5 2. Bg2 Nc6 3. b3 d5 4. e3 e5 5. Bb2 Nf6 6. Ne2 Bd6 7. O-O O-O 8. c4 d4
9. exd4 exd4 10. Na3 Bf5 11. d3 Qd7 12. Nc2 a5 13. Na3 Rae8 14. Nb5 Bb8 15. Re1
Bg4 16. f3 Bf5 17. Ba3 b6 18. Qd2 Re3 19. Nf4 Bxf4 20. gxf4 Rxd3 21. Qf2 Nb4 22.
Re5 g6 23. Rae1 Nh5 24. Re7 Qc6 25. Qh4 Rd2 26. Bc1 Rc2 27. Rc7 Qf6 28. Qxf6
Nxf6 29. Bf1 Nxa2 30. Ba3 d3 0-1

[Event "Chess24 Banter QualD 2020"]
[Site "chess24.com INT"]
[Date "2020.09.08"]
[Round "1.5"]
[Board "1"]
[White "Cheparinov, Ivan"]
[Black "Larino Nieto, David"]
[Result "1-0"]
[WhiteTitle "GM"]
[BlackTitle "GM"]
[WhiteElo "2686"]
[BlackElo "2477"]
[WhiteFideId "2905540"]
[BlackFideId "2256444"]
[EventDate "2020.09.08"]

1. d4 b6 2. e4 Bb7 3. Nc3 e6 4. Bd3 d6 5. f4 Nd7 6. Nf3 a6 7. a4 c5 8. d5 exd5
9. exd5 Ngf6 10. Bc4 Be7 11. O-O O-O 12. Re1 Re8 13. Qd3 Bf8 14. Bd2 g6 15. Rxe8
Nxe8 16. Re1 Bg7 17. Ne4 h6 18. Bc3 f5 19. Nf2 Ndf6 20. Bd2 Nc7 21. Nh4 Kf7 22.
Qg3 Ng4 23. Nxg4 fxg4 24. Qxg4 Bd4+ 25. Kf1 Qf6 26. c3 Bc8 27. Qg3 g5 28. cxd4
gxh4 29. Qf3 Bf5 30. dxc5 bxc5 31. Bc3 Qg6 32. Re6 Bxe6 33. dxe6+ Ke7 34. f5 Qg5
35. f6+ Kd8 36. Qc6 Qc1+ 37. Ke2 Kc8 38. f7 Qc2+ 39. Ke3 Qf5 40. Qxd6 Qg5+ 41.
Qf4 Qxf4+ 42. Kxf4 Kb7 43. e7 1-0

[Event "Chess24 Banter QualD 2020"]
[Site "chess24.com INT"]
[Date "2020.09.08"]
[Round "1.1"]
[Board "2"]
[White "Lenderman, Aleksandr"]
[Black "Narayanan, S.L."]
[Result "1-0"]
[WhiteTitle "GM"]
[BlackTitle "GM"]
[WhiteElo "2634"]
[BlackElo "2618"]
[WhiteFideId "2021285"]
[BlackFideId "5058422"]
[EventDate "2020.09.08"]

1. d4 Nf6 2. c4 e6 3. Nf3 d5 4. Nc3 Be7 5. g3 O-O 6. Bg2 Nbd7 7. b3 b6 8. cxd5
Nxd5 9. Nxd5 exd5 10. O-O Bb7 11. Bb2 Re8 12. Rc1 Bd6 13. e3 a5 14. a4 c6 15.
Re1 Rc8 16. Rc2 Rc7 17. Qe2 Qe7 18. Rec1 Nf6 19. Ne5 c5 20. Nd3 Ne4 21. dxc5
bxc5 22. Nf4 Bxf4 23. exf4 Qd8 24. Qb5 d4 25. Rd1 Nd6 26. Qxa5 Bxg2 27. Kxg2 Nb7
28. Qb5 Qa8 29. Kg1 Nd6 30. Qd3 h5 31. Bxd4 h4 32. Be5 h3 33. Qd5 Qxd5 34. Rxd5
Rc6 35. Kf1 Nb7 36. b4 f6 37. b5 Rce6 38. Bc3 Ra8 39. a5 Nd6 40. Rxc5 Ne4 41.
Rc6 Re7 42. Bb4 Rd7 43. Rc8+ Rxc8 44. Rxc8+ Kh7 45. Ke2 Rd4 46. Be1 Nd6 47. Rd8
Nxb5 48. Rxd4 Nxd4+ 49. Ke3 Nc6 50. a6 Kg6 51. Ke4 1-0

[Event "Chess24 Banter QualD 2020"]
[Site "chess24.com INT"]
[Date "2020.09.08"]
[Round "1.2"]
[Board "2"]
[White "Narayanan, S.L."]
[Black "Lenderman, Aleksandr"]
[Result "1-0"]
[WhiteTitle "GM"]
[BlackTitle "GM"]
[WhiteElo "2618"]
[BlackElo "2634"]
[WhiteFideId "5058422"]
[BlackFideId "2021285"]
[EventDate "2020.09.08"]

1. e4 e6 2. d4 d5 3. Nd2 dxe4 4. Nxe4 Nd7 5. Nf3 Ngf6 6. Nxf6+ Nxf6 7. c3 c5 8.
Be3 Qc7 9. Ne5 Bd6 10. Bb5+ Kf8 11. O-O a6 12. Be2 b5 13. a4 bxa4 14. Bf3 Rb8
15. Qxa4 h5 16. h3 g6 17. Nc6 Bd7 18. dxc5 Bh2+ 19. Kh1 Nd5 20. Bxd5 exd5 21.
Qd4 Kg8 22. Nxb8 1-0

[Event "Chess24 Banter QualD 2020"]
[Site "chess24.com INT"]
[Date "2020.09.08"]
[Round "1.3"]
[Board "2"]
[White "Lenderman, Aleksandr"]
[Black "Narayanan, S.L."]
[Result "1-0"]
[WhiteTitle "GM"]
[BlackTitle "GM"]
[WhiteElo "2634"]
[BlackElo "2618"]
[WhiteFideId "2021285"]
[BlackFideId "5058422"]
[EventDate "2020.09.08"]

1. d4 Nf6 2. c4 e6 3. Nf3 d5 4. Nc3 Bb4 5. Bg5 h6 6. Bxf6 Qxf6 7. Qa4+ Nc6 8. e3
O-O 9. Be2 Rd8 10. O-O a6 11. Qc2 dxc4 12. Bxc4 Bd6 13. Rac1 Bd7 14. Rfd1 Be8
15. a3 Rac8 16. Ba2 Qe7 17. h4 Kh8 18. Ne4 f5 19. Nc5 Bh5 20. Nxb7 Bxf3 21. gxf3
Qxh4 22. Qxc6 Bg3 23. fxg3 Qxg3+ 24. Kf1 Rf8 25. Rc2 f4 26. Rg2 Qh3 27. Re1 fxe3
28. Rxe3 Rf6 29. Kf2 Rcf8 30. Bb1 Qh4+ 31. Ke2 Qxd4 32. Qe4 Qxb2+ 33. Qc2 Qb5+
34. Qd3 Qb2+ 35. Bc2 Rf5 36. Nc5 Qf6 37. Nxe6 1-0

[Event "Chess24 Banter QualD 2020"]
[Site "chess24.com INT"]
[Date "2020.09.08"]
[Round "1.4"]
[Board "2"]
[White "Narayanan, S.L."]
[Black "Lenderman, Aleksandr"]
[Result "1/2-1/2"]
[WhiteTitle "GM"]
[BlackTitle "GM"]
[WhiteElo "2618"]
[BlackElo "2634"]
[WhiteFideId "5058422"]
[BlackFideId "2021285"]
[EventDate "2020.09.08"]

1. e4 e6 2. d4 d5 3. Nd2 Nf6 4. e5 Nfd7 5. Ngf3 c5 6. c4 Nc6 7. cxd5 exd5 8. Bd3
cxd4 9. O-O Nc5 10. Nb3 Ne6 11. Bc2 d3 12. Bxd3 Be7 13. Re1 O-O 14. Bc2 Re8 15.
Qd3 g6 16. a3 Bf8 17. Be3 Ng7 18. Bg5 Be7 19. Bxe7 Rxe7 20. Nbd4 Nf5 21. Nxc6
bxc6 22. Qd2 Re8 23. Bxf5 Bxf5 24. Nd4 Bd7 25. b4 a5 26. f4 Qb6 27. Rab1 axb4
28. axb4 Ra3 29. h3 Bf5 30. Rbd1 Rd3 31. Qf2 Rxd1 32. Rxd1 Be4 33. Rc1 Qxb4 34.
Nxc6 Qa3 35. Re1 Kg7 36. Nd4 Qe7 37. Kh2 Rc8 38. Qg3 Kh8 39. Ra1 Qc5 40. Qf2 Qb6
41. Ra2 Rb8 42. Rd2 h6 43. Qh4 Kh7 44. Qe7 Rb7 45. Qh4 Qb4 46. Qf2 Qc3 47. f5
gxf5 48. e6 fxe6 49. Nxe6 Qe5+ 50. Nf4 Rg7 51. Kh1 Qa1+ 52. Kh2 Qe5 53. Kg1 Qa1+
54. Kh2 Qe5 1/2-1/2

[Event "Chess24 Banter QualD 2020"]
[Site "chess24.com INT"]
[Date "2020.09.08"]
[Round "1.5"]
[Board "2"]
[White "Lenderman, Aleksandr"]
[Black "Narayanan, S.L."]
[Result "1/2-1/2"]
[WhiteTitle "GM"]
[BlackTitle "GM"]
[WhiteElo "2634"]
[BlackElo "2618"]
[WhiteFideId "2021285"]
[BlackFideId "5058422"]
[EventDate "2020.09.08"]

1. d4 Nf6 2. c4 e6 3. Nf3 d5 4. Nc3 Nbd7 5. cxd5 exd5 6. Bg5 Be7 7. e3 c6 8. Bd3
O-O 9. Qc2 Re8 10. O-O Nf8 11. Rab1 Ne4 12. Bxe7 Qxe7 13. b4 a6 14. Na4 Ng6 15.
Nb6 Rb8 16. Nxc8 Rbxc8 17. Rfc1 Nd6 18. a4 b5 19. Ra1 Nc4 20. Qc3 Ra8 21. Nd2
Reb8 22. Nb3 Nf8 23. Nc5 g6 24. Ra2 Nd7 25. Rca1 Nxc5 26. dxc5 Qb7 27. e4 Re8
28. exd5 cxd5 29. Qd4 Qc6 30. h3 h5 31. h4 Rad8 32. axb5 axb5 33. Ra6 Re1+ 34.
Rxe1 Qxa6 35. Re7 Qc6 36. Qf4 Rf8 37. g4 hxg4 38. h5 Qa6 39. hxg6 Qa1+ 40. Kg2
fxg6 41. Qh6 Rxf2+ 42. Kxf2 Qf6+ 43. Kg2 Qxe7 44. Qxg6+ Kf8 45. Qf5+ Ke8 46.
Qc8+ Kf7 47. Qf5+ Ke8 48. Qc8+ Kf7 49. Qf5+ Ke8 1/2-1/2

[Event "Chess24 Banter QualD 2020"]
[Site "chess24.com INT"]
[Date "2020.09.08"]
[Round "1.6"]
[Board "2"]
[White "Narayanan, S.L."]
[Black "Lenderman, Aleksandr"]
[Result "1/2-1/2"]
[WhiteTitle "GM"]
[BlackTitle "GM"]
[WhiteElo "2618"]
[BlackElo "2634"]
[WhiteFideId "5058422"]
[BlackFideId "2021285"]
[EventDate "2020.09.08"]

1. e4 e5 2. Nf3 Nf6 3. d4 Nxe4 4. Bd3 Nc6 5. Nxe5 Nf6 6. O-O Be7 7. c3 O-O 8. h3
d6 9. Nf3 Re8 10. Bf4 Nd5 11. Bg3 Bf6 12. Nbd2 Be6 13. a3 Nde7 14. Qc2 Ng6 15.
Rfe1 Nf8 16. Ne4 Be7 17. Re2 d5 18. Nc5 Bxc5 19. dxc5 Qd7 20. b4 a6 21. a4 f6
22. Rae1 Bf7 23. b5 Rxe2 24. Rxe2 axb5 25. axb5 Ne7 26. Nd4 Bg6 27. Kh2 c6 28.
b6 Re8 29. Bd6 Bxd3 30. Qxd3 Neg6 31. f4 Rxe2 32. Qxe2 Nh8 33. f5 Nf7 34. Bxf8
Kxf8 35. Ne6+ Kg8 36. Qg4 Ne5 37. Qg3 Qe7 38. Qf4 g6 39. Qa4 gxf5 40. Qa8+ Kf7
41. Nd8+ Kg6 42. Nxb7 Nf3+ 43. Kg3 Qe1+ 44. Kxf3 Qf1+ 45. Ke3 Qe1+ 46. Kd3 Qd1+
47. Ke3 Qe1+ 48. Kf3 Qf1+ 49. Kg3 Qe1+ 50. Kf3 1/2-1/2

[Event "Chess24 Banter QualD 2020"]
[Site "chess24.com INT"]
[Date "2020.09.08"]
[Round "1.7"]
[Board "2"]
[White "Lenderman, Aleksandr"]
[Black "Narayanan, S.L."]
[Result "0-1"]
[WhiteTitle "GM"]
[BlackTitle "GM"]
[WhiteElo "2634"]
[BlackElo "2618"]
[WhiteFideId "2021285"]
[BlackFideId "5058422"]
[EventDate "2020.09.08"]

1. d4 Nf6 2. c4 e6 3. Nf3 d5 4. Nc3 Be7 5. g3 O-O 6. Bg2 Nbd7 7. b3 c6 8. O-O b6
9. Bb2 a5 10. Nd2 Ba6 11. a4 Rc8 12. e4 dxc4 13. bxc4 e5 14. Ne2 Bb4 15. dxe5
Nxe5 16. Bxe5 Qxd2 17. Qxd2 Bxd2 18. Rfd1 Bb4 19. Rac1 Rfe8 20. Bxf6 gxf6 21.
Nd4 Bc5 22. Nf5 Rcd8 23. Bf3 Rxd1+ 24. Rxd1 Bxc4 25. Nd6 Bxd6 26. Rxd6 Re6 27.
Rd8+ Kg7 28. Ra8 Bb3 29. Rb8 c5 30. Rb7 Bxa4 31. Bh5 Be8 32. f3 a4 33. Kf2 b5
34. Ra7 b4 35. Bg4 Rd6 36. Ke3 b3 0-1

[Event "Chess24 Banter QualD 2020"]
[Site "chess24.com INT"]
[Date "2020.09.08"]
[Round "1.8"]
[Board "2"]
[White "Narayanan, S.L."]
[Black "Lenderman, Aleksandr"]
[Result "1-0"]
[WhiteTitle "GM"]
[BlackTitle "GM"]
[WhiteElo "2618"]
[BlackElo "2634"]
[WhiteFideId "5058422"]
[BlackFideId "2021285"]
[EventDate "2020.09.08"]

1. e4 c6 2. Nc3 d5 3. Nf3 g6 4. d4 Bg7 5. h3 dxe4 6. Nxe4 Nf6 7. Nxf6+ exf6 8.
Bc4 O-O 9. O-O Nd7 10. Bf4 Nb6 11. Bb3 a5 12. a4 Be6 13. Bxe6 fxe6 14. Re1 Re8
15. c3 Qd5 16. Qc2 Nc4 17. b3 Nd6 18. Bxd6 Qxd6 19. Nd2 Qc7 20. Re2 Re7 21. Rae1
Kf7 22. Ne4 Rae8 23. Qd3 b6 24. Qf3 Qd7 25. Qg3 e5 26. h4 h6 27. h5 g5 28. Rd2
Qc7 29. d5 cxd5 30. Rxd5 Rd7 31. Red1 Red8 32. c4 Rxd5 33. cxd5 f5 34. Qf3 Qd7
35. Ng3 f4 36. Ne4 g4 37. Qd3 Kg8 38. d6 Qf7 39. d7 Bf8 40. Qb5 Qe6 41. Rd5 Kf7
42. Qd3 Ke7 43. Nc3 Rxd7 44. Qh7+ Ke8 45. Qe4 Rxd5 46. Nxd5 Qd6 47. g3 fxg3 48.
fxg3 Qc5+ 49. Kg2 Bd6 50. Nf6+ Ke7 51. Nxg4 Qc1 52. Qh7+ Kd8 53. Qxh6 Qc2+ 54.
Kh3 Qd3 55. Qf6+ Kc7 56. h6 Qe4 57. Kh4 Kd7 58. Qf7+ Be7+ 59. Kh5 Kd6 60. Qg6+
Qxg6+ 61. Kxg6 1-0

[Event "Chess24 Banter QualD 2020"]
[Site "chess24.com INT"]
[Date "2020.09.08"]
[Round "1.1"]
[Board "3"]
[White "Cori, Jorge"]
[Black "Huschenbeth, Niclas"]
[Result "1/2-1/2"]
[WhiteTitle "GM"]
[BlackTitle "GM"]
[WhiteElo "2652"]
[BlackElo "2612"]
[WhiteFideId "3802272"]
[BlackFideId "24604747"]
[EventDate "2020.09.08"]

1. d4 Nf6 2. c4 e6 3. Nf3 Bb4+ 4. Bd2 c5 5. Bxb4 cxb4 6. e3 b6 7. Be2 Bb7 8. O-O
O-O 9. a3 bxa3 10. Nxa3 a5 11. Nb5 d6 12. h3 Na6 13. Ne1 Bc6 14. Nc3 Nb4 15. Nd3
Nxd3 16. Bxd3 d5 17. Qe2 Qe7 18. cxd5 Nxd5 19. Rfc1 Nb4 20. Bb5 Bb7 21. e4 Rfd8
22. Rd1 Rac8 23. Rd2 h6 24. Rad1 Qg5 25. Ba4 Ba6 26. Bb5 Bb7 27. Ba4 Rd6 28. Qb5
Qd8 29. Qe2 Qg5 30. Qb5 Qg6 31. Qe2 Rcd8 32. f3 Rc8 33. Qe3 Qg3 34. Bb3 Rd7 35.
Ba4 Rd6 36. Bb3 Rd7 37. Na4 Qd6 38. Qf2 Rdc7 39. Nc3 Ba6 40. d5 e5 41. Ba4 Rc5
42. Ra1 b5 43. Bd1 a4 44. Be2 Qb6 45. d6 Rd8 46. Rad1 Rc6 47. Qxb6 Rxb6 48. d7
Rb7 49. Rd6 Ra7 50. Bxb5 Bxb5 51. Nxb5 Rb7 52. Nc3 Kf8 53. Nxa4 Ke7 54. R6d2
Rbxd7 55. Rxd7+ Rxd7 56. Rxd7+ Kxd7 57. Kf2 Kc6 58. Ke2 Kb5 59. b3 Nc2 60. Kd3
Ne1+ 61. Kd2 Nxg2 62. Nb2 f6 63. Nd3 Nh4 64. Ke2 Ng6 65. Ke3 h5 66. f4 Kc6 67.
fxe5 fxe5 68. Kf3 Kd6 69. b4 Ne7 70. b5 Nc8 71. Kg3 g5 72. Ne1 Kc5 73. Nf3 Nd6
74. Nxg5 Kxb5 75. Kh4 Kc4 76. Kxh5 Kd4 77. Kg6 Nxe4 78. Nxe4 Kxe4 79. h4 Kf3 80.
h5 e4 81. h6 e3 82. h7 e2 83. h8=Q e1=Q 84. Qh3+ Qg3+ 85. Qxg3+ Kxg3 1/2-1/2

[Event "Chess24 Banter QualD 2020"]
[Site "chess24.com INT"]
[Date "2020.09.08"]
[Round "1.2"]
[Board "3"]
[White "Huschenbeth, Niclas"]
[Black "Cori, Jorge"]
[Result "1-0"]
[WhiteTitle "GM"]
[BlackTitle "GM"]
[WhiteElo "2612"]
[BlackElo "2652"]
[WhiteFideId "24604747"]
[BlackFideId "3802272"]
[EventDate "2020.09.08"]

1. e4 e6 2. d4 d5 3. Nc3 Nf6 4. exd5 exd5 5. Bd3 Bd6 6. h3 h6 7. Qf3 Nc6 8. Nge2
Nb4 9. O-O O-O 10. Bf4 Nxd3 11. Qxd3 Re8 12. Rfe1 c6 13. a4 a5 14. Bxd6 Qxd6 15.
Ng3 Bd7 16. b3 Qf4 17. Re3 Rxe3 18. Qxe3 Qd6 19. Re1 Re8 20. Qd2 Kf8 21. Nd1 b6
22. Rxe8+ Nxe8 23. Ne3 Qe7 24. c3 Nd6 25. b4 Qd8 26. Qd3 Kg8 27. Qa6 Qc7 28.
Qa8+ Kh7 29. Qf8 g6 30. Qe7 Kg7 31. Ng4 Ne8 32. Ne5 Be6 33. Qxe8 axb4 34. cxb4
c5 35. bxc5 bxc5 36. Qb5 cxd4 37. Nd3 Qc3 38. a5 Bd7 39. Qxd7 Qxd3 40. Qxd5 Qb1+
41. Kh2 d3 42. Qd4+ Kh7 43. Ne4 Qb8+ 44. g3 1-0

[Event "Chess24 Banter QualD 2020"]
[Site "chess24.com INT"]
[Date "2020.09.08"]
[Round "1.3"]
[Board "3"]
[White "Cori, Jorge"]
[Black "Huschenbeth, Niclas"]
[Result "0-1"]
[WhiteTitle "GM"]
[BlackTitle "GM"]
[WhiteElo "2652"]
[BlackElo "2612"]
[WhiteFideId "3802272"]
[BlackFideId "24604747"]
[EventDate "2020.09.08"]

1. d4 Nf6 2. c4 e6 3. Nf3 Bb4+ 4. Bd2 c5 5. Bxb4 cxb4 6. g3 b6 7. Bg2 Bb7 8. O-O
O-O 9. e3 a5 10. a3 Na6 11. Qe2 d6 12. Rd1 Qc7 13. Nbd2 Rac8 14. Rac1 h6 15. a4
Rfe8 16. b3 e5 17. Qf1 e4 18. Nh4 Rcd8 19. Re1 Bc8 20. f3 exf3 21. Qxf3 Bg4 22.
Qf2 Nb8 23. h3 Bc8 24. g4 Nc6 25. e4 Re7 26. Re2 Rde8 27. Rce1 Nh7 28. Nf1 g6
29. Nf3 Nf6 30. Ng3 Kg7 31. Nh2 Qd8 32. Rf1 Nh7 33. Nf3 Bb7 34. Ne1 Nb8 35. Nd3
Nd7 36. Nf4 Ndf6 37. Qe1 Ng5 38. Nd5 Nxd5 39. exd5 Rxe2 40. Nxe2 Qe7 41. Rf2 Qe3
42. Qf1 Re7 43. h4 Ne4 44. Bxe4 Qxe4 45. Qg2 Qb1+ 46. Kh2 Qxb3 47. g5 Qe3 48.
gxh6+ Qxh6 49. Qg3 Qe3 50. Qxe3 Rxe3 51. Nf4 Ba6 52. c5 bxc5 53. dxc5 dxc5 54.
d6 Re4 55. Rd2 Bc8 56. Nd5 Rxh4+ 57. Kg3 Rd4 58. Rxd4 cxd4 59. Nb6 Be6 60. Nc4
Kf6 61. Nxa5 b3 62. d7 Ke7 63. Nc6+ Kxd7 0-1

[Event "Chess24 Banter QualD 2020"]
[Site "chess24.com INT"]
[Date "2020.09.08"]
[Round "1.4"]
[Board "3"]
[White "Huschenbeth, Niclas"]
[Black "Cori, Jorge"]
[Result "0-1"]
[WhiteTitle "GM"]
[BlackTitle "GM"]
[WhiteElo "2612"]
[BlackElo "2652"]
[WhiteFideId "24604747"]
[BlackFideId "3802272"]
[EventDate "2020.09.08"]

1. e4 c5 2. Be2 Nc6 3. f4 e6 4. Nf3 d5 5. d3 Nf6 6. e5 Nd7 7. O-O Be7 8. c3 b5
9. a4 b4 10. Be3 O-O 11. Nbd2 bxc3 12. bxc3 Ba6 13. d4 Qc8 14. Bb5 Rb8 15. Qe2
c4 16. Rfb1 Na5 17. f5 exf5 18. Bg5 Bxg5 19. Nxg5 Rb6 20. Qf3 h6 21. Qxd5 Nxe5
22. Qxe5 hxg5 23. Nf3 Bb7 24. Bd7 Qxd7 25. Qxa5 Bxf3 26. gxf3 Rfb8 27. Rxb6 Rxb6
28. Qe5 g4 29. fxg4 fxg4 30. Rf1 Rg6 31. d5 Rd6 32. Rd1 Qd8 33. Rd4 Qb6 34. Kg2
Rd8 35. Rxg4 g6 36. Rh4 f6 37. Qe7 Qb2+ 38. Kg1 Qb1+ 39. Kg2 Qc2+ 40. Kg1 Qd1+
41. Kg2 Qxd5+ 42. Kg3 Qg5+ 0-1

[Event "Chess24 Banter QualD 2020"]
[Site "chess24.com INT"]
[Date "2020.09.08"]
[Round "1.5"]
[Board "3"]
[White "Cori, Jorge"]
[Black "Huschenbeth, Niclas"]
[Result "0-1"]
[WhiteTitle "GM"]
[BlackTitle "GM"]
[WhiteElo "2652"]
[BlackElo "2612"]
[WhiteFideId "3802272"]
[BlackFideId "24604747"]
[EventDate "2020.09.08"]

1. c4 c5 2. Nf3 Nc6 3. g3 g6 4. Bg2 Bg7 5. O-O e6 6. Nc3 Nge7 7. d3 O-O 8. Bf4
d5 9. cxd5 exd5 10. Qd2 d4 11. Ne4 b6 12. Bh6 Bb7 13. Bxg7 Kxg7 14. Qf4 Nd5 15.
Qd6 Re8 16. Qxd8 Raxd8 17. g4 Nf4 18. Rfe1 Ne5 19. Nxe5 Rxe5 20. Bh1 Bxe4 21.
Bxe4 Rg5 22. Kf1 Rxg4 23. Bf3 Rh4 24. Kg1 Re8 25. a3 Re5 26. b4 g5 27. bxc5 bxc5
28. e3 Nxd3 29. Red1 c4 0-1

[Event "Chess24 Banter QualD 2020"]
[Site "chess24.com INT"]
[Date "2020.09.08"]
[Round "1.6"]
[Board "3"]
[White "Huschenbeth, Niclas"]
[Black "Cori, Jorge"]
[Result "1-0"]
[WhiteTitle "GM"]
[BlackTitle "GM"]
[WhiteElo "2612"]
[BlackElo "2652"]
[WhiteFideId "24604747"]
[BlackFideId "3802272"]
[EventDate "2020.09.08"]

1. e4 c5 2. Be2 e6 3. f4 Nc6 4. Nf3 d5 5. d3 Nf6 6. e5 Nd7 7. O-O Be7 8. c3 b5
9. Na3 a6 10. Nc2 O-O 11. Kh1 Rb8 12. d4 b4 13. Ne3 Nb6 14. Bd3 g6 15. Ng4 bxc3
16. bxc3 cxd4 17. cxd4 Nc4 18. Qe1 Bd7 19. Qg3 Nb4 20. Bb1 Ba4 21. Nh6+ Kh8 22.
Ng5 Qe8 23. Rf2 Nc6 24. Qh4 Rxb1 25. Rxb1 Nxd4 26. Ng4 h5 27. Nf6 Nf5 28. Qh3
Bxf6 29. exf6 Qc6 30. g4 d4+ 31. Kg1 Nh6 32. gxh5 Ne3 33. hxg6 1-0

[Event "Chess24 Banter QualD 2020"]
[Site "chess24.com INT"]
[Date "2020.09.08"]
[Round "1.1"]
[Board "4"]
[White "Bacrot, Etienne"]
[Black "Keymer, Vincent"]
[Result "0-1"]
[WhiteTitle "GM"]
[BlackTitle "GM"]
[WhiteElo "2673"]
[BlackElo "2568"]
[WhiteFideId "605506"]
[BlackFideId "12940690"]
[EventDate "2020.09.08"]

1. e4 c6 2. Nf3 d5 3. d3 dxe4 4. dxe4 Qxd1+ 5. Kxd1 Nd7 6. Nfd2 g6 7. a4 Bg7 8.
a5 f5 9. exf5 gxf5 10. Nc4 Nh6 11. h3 Nf7 12. Nc3 O-O 13. Be3 e5 14. g3 Nf6 15.
Kc1 Be6 16. Be2 Rfd8 17. Rd1 Nd5 18. Bc5 Bh6+ 19. Ne3 b6 20. Nxd5 cxd5 21. axb6
axb6 22. Rxa8 Rxa8 23. Bxb6 d4 24. Kb1 dxe3 25. Bxe3 Bxe3 26. fxe3 Rd8 27. Rxd8+
Nxd8 28. b4 Kf8 29. c4 Ke7 30. Kb2 Nf7 31. c5 Ng5 32. b5 Ne4 33. c6 Kd6 34. Bf3
Nxg3 35. Kc3 e4 36. Bd1 Kc5 0-1

[Event "Chess24 Banter QualD 2020"]
[Site "chess24.com INT"]
[Date "2020.09.08"]
[Round "1.2"]
[Board "4"]
[White "Keymer, Vincent"]
[Black "Bacrot, Etienne"]
[Result "1-0"]
[WhiteTitle "GM"]
[BlackTitle "GM"]
[WhiteElo "2568"]
[BlackElo "2673"]
[WhiteFideId "12940690"]
[BlackFideId "605506"]
[EventDate "2020.09.08"]

1. d4 Nf6 2. c4 g6 3. g3 Bg7 4. Bg2 O-O 5. Nc3 c6 6. e4 d6 7. Nf3 e5 8. O-O Nbd7
9. h3 a5 10. Re1 exd4 11. Nxd4 Re8 12. b3 Nc5 13. Bf4 Nh5 14. Be3 Nf6 15. Qc2
Qb6 16. Rab1 Qb4 17. Bd2 Qb6 18. Bf4 Nfd7 19. Be3 Qb4 20. Ncb5 cxb5 21. Nxb5 a4
22. Bd2 axb3 23. axb3 1-0

[Event "Chess24 Banter QualD 2020"]
[Site "chess24.com INT"]
[Date "2020.09.08"]
[Round "1.3"]
[Board "4"]
[White "Bacrot, Etienne"]
[Black "Keymer, Vincent"]
[Result "0-1"]
[WhiteTitle "GM"]
[BlackTitle "GM"]
[WhiteElo "2673"]
[BlackElo "2568"]
[WhiteFideId "605506"]
[BlackFideId "12940690"]
[EventDate "2020.09.08"]

1. e4 c6 2. Nf3 d5 3. Nc3 dxe4 4. Nxe4 Nf6 5. Qe2 Nxe4 6. Qxe4 Nd7 7. g3 Nf6 8.
Qe2 Bf5 9. d3 e6 10. Bd2 Bd6 11. Bg2 O-O 12. O-O Qc7 13. h3 h6 14. Rae1 Rfe8 15.
Ne5 Nd7 16. Nc4 e5 17. Ba5 b6 18. Bc3 Rac8 19. f4 Bc5+ 20. Kh1 b5 21. Nxe5 b4
22. Bd2 Bd4 23. Qh5 g6 24. Qxh6 Nxe5 25. fxe5 Bxe5 26. Bxb4 Bg7 27. Qf4 Qxf4 28.
gxf4 Rxe1 29. Rxe1 Bxb2 30. Bc5 a5 31. Rb1 Bc3 32. Kh2 Be6 33. a3 Bd5 34. Rf1
Re8 35. Bxd5 cxd5 36. Kg2 f5 37. Kf3 Re1 38. Rxe1 Bxe1 39. Ke3 Kf7 40. Kd4 Ke6
41. Bb6 Bf2+ 0-1